| 000 | 00345 a2200157 4500 | ||
|---|---|---|---|
| 001 | 180597 | ||
| 020 | _a | ||
| 040 | _cMagnum | ||
| 100 | _aOrthof, Sylvia | ||
| 240 | 1 | 0 |
_aEnferrujado, la vai o soldado _lpor |
| 245 | 1 | 0 | _aEnferrujado, la vai o soldado |
| 362 | 0 | _a1899 | |
| 440 | 1 | _aSalamandra | |
| 697 | _aMAGNITO: I/GERAL | ||
| 942 | _cBK | ||
| 999 |
_c180597 _d180597 |
||